000 00802nas a2200253 4500
001 BR0604322
003 BR-BrBNA
005 20231205110327.0
007 ta
008 230509b bl.|||p| |||| 00| 00por d
040 _aBR-BrBNA
_bpor
_cBiblioteca Nacional de Agricultura
041 _a(En)
072 _aF02
100 1 _aAlmeida, M. de
100 1 _aAlmeida, C.V. de
245 1 _aSomatic embryogenesis and in vitro plant regeneration from pejibaye adult plant leaf primordia
650 _aPUPUNHA
650 _aPALMEIRA OLEAGINOSA
650 _aMICROPROPAGAÇÃO
650 _aHISTOLOGIA VEGETAL
773 0 _tPesquisa Agropecuária Brasileira (Brazil)
_xISSN 0100-204X
_g(Sep 2006), v. 41(9) p. 1449-1452
_wBR0604322
909 _a202311
_bLúcia
_c55
_dLúcia Elande
942 _2AGRIS
_n0
_cANA
999 _c186982
_d186982